Nursing in today's world : (Record no. 5760)

MARC details
000 -LEADER
fixed length control field 00976pam a2200301 a 4500
001 - CONTROL NUMBER
control field 1478163
003 - CONTROL NUMBER IDENTIFIER
control field OSt
005 - DATE AND TIME OF LATEST TRANSACTION
control field 20170327185608.0
008 - FIXED-LENGTH DATA ELEMENTS--GENERAL INFORMATION
fixed length control field 870731s1988 paua b 001 0 eng c
010 ## - LIBRARY OF CONGRESS CONTROL NUMBER
LC control number 87022554
020 ## - INTERNATIONAL STANDARD BOOK NUMBER
International Standard Book Number 0397546963 (pbk.)
040 ## - CATALOGING SOURCE
Original cataloging agency DNLM/DLC
Transcribing agency DLC
Modifying agency DLC
043 ## - GEOGRAPHIC AREA CODE
Geographic area code n-us---
050 00 - LIBRARY OF CONGRESS CALL NUMBER
Classification number RT4
Item number .E42 1988
060 ## - NATIONAL LIBRARY OF MEDICINE CALL NUMBER
Classification number WY 16 E47n
082 ## - DEWEY DECIMAL CLASSIFICATION NUMBER
Classification number WY 16
Item number E59n 1984
100 1# - MAIN ENTRY--PERSONAL NAME
Personal name Ellis, Janice Rider.
9 (RLIN) 11978
245 10 - TITLE STATEMENT
Title Nursing in today's world :
Remainder of title challenges, issues, and trends /
Statement of responsibility, etc. Janice Rider Ellis, Celia Love Hartley ; with illustrations by Kari Berger.
250 ## - EDITION STATEMENT
Edition statement 3rd ed.
260 ## - PUBLICATION, DISTRIBUTION, ETC. (IMPRINT)
Place of publication, distribution, etc. Philadelphia :
Name of publisher, distributor, etc. Lippincott,
Date of publication, distribution, etc. 1984.
300 ## - PHYSICAL DESCRIPTION
Extent xii, 449 p. :
Other physical details ill. ;
Dimensions 23 cm.
504 ## - BIBLIOGRAPHY, ETC. NOTE
Bibliography, etc Includes bibliographies and index.
650 #0 - SUBJECT ADDED ENTRY--TOPICAL TERM
Topical term or geographic name as entry element Nursing
Geographic subdivision United States.
9 (RLIN) 11979
650 #2 - SUBJECT ADDED ENTRY--TOPICAL TERM
Topical term or geographic name as entry element Nursing
Geographic subdivision United States.
9 (RLIN) 11980
700 1# - ADDED ENTRY--PERSONAL NAME
Personal name Hartley, Celia Love.
9 (RLIN) 11981
906 ## - LOCAL DATA ELEMENT F, LDF (RLIN)
a 7
b cbc
c orignew
d 1
e ocip
f 19
g y-gencatlg
942 ## - ADDED ENTRY ELEMENTS (KOHA)
Source of classification or shelving scheme Other/Generic Classification Scheme
Koha item type Open Shelf
Holdings
Withdrawn status Lost status Source of classification or shelving scheme Damaged status Not for loan Home library Current library Date acquired Source of acquisition Inventory number Total Checkouts Full call number Barcode Date last seen Price effective from Koha item type
    Other/Generic Classification Scheme     MUST Main Library MUST Main Library 27/03/2017   1997/11275   WY 16 E59n 1984 2017-0637 27/03/2017 27/03/2017 Open Shelf